Japan : Striving for better global Co-operation
Spremljeno u:
| Format: | Knjiga |
|---|---|
| Jezik: | Undetermined |
| Izdano: |
Tokyo
Japan Economic Research Institute
1965
|
| Teme: | |
| Oznake: |
Dodaj oznaku
Bez oznaka, Budi prvi tko označuje ovaj zapis!
|
| Thư viện lưu trữ: | Trung tâm Học liệu Trường Đại học Cần Thơ |
|---|
| LEADER | 00498nam a2200169Ia 4500 | ||
|---|---|---|---|
| 001 | CTU_96727 | ||
| 008 | 210402s9999 xx 000 0 und d | ||
| 082 | |a 337.20 | ||
| 082 | |b J35 | ||
| 245 | 0 | |a Japan : | |
| 245 | 0 | |b Striving for better global Co-operation | |
| 260 | |a Tokyo | ||
| 260 | |b Japan Economic Research Institute | ||
| 260 | |c 1965 | ||
| 650 | |a International cooperation,International economic relations | ||
| 904 | |i M.Loan | ||
| 980 | |a Trung tâm Học liệu Trường Đại học Cần Thơ | ||